000 00492nam a22001937a 4500
003 ASAB
005 20180827062658.0
008 161025t xxu||||| |||| 00| 0 eng d
020 _a0-19-92286-1-2
040 _cASAB
082 _a628.52
100 _aAlan Scragg
_94018
245 _aEnvironmental biotechnology
_cAlan Scragg
250 _asecond edition
260 _aIndia
_bReplica Press
_c2005
300 _a447 P
630 _aEnvironmental Biotechnology
_94019
942 _2ddc
_cBK
999 _c480230
_d480230